| 000 | 01324nam a2200301 a 4500 | ||
|---|---|---|---|
| 001 | ebr10055045 | ||
| 003 | CaPaEBR | ||
| 006 | m u | ||
| 007 | cr cn||||||||| | ||
| 008 | 921209s1992 dcua sb 001 0 eng | ||
| 010 | _z 92061717 | ||
| 020 | _z0309047854 | ||
| 040 |
_aCaPaEBR _cCaPaEBR |
||
| 035 | _a(OCoLC)44955880 | ||
| 050 | 1 | 4 |
_aTP248.3 _b.N38 1992eb |
| 082 | 0 | 4 |
_a660/.63 _220 |
| 110 | 2 |
_aNational Research Council (U.S.). _bCommittee on Bioprocess Engineering. |
|
| 245 | 1 | 0 |
_aPutting biotechnology to work _h[electronic resource] : _bbioprocess engineering / _cCommittee on Bioprocess Engineering, Board on Biology, Commission on Life Sciences, National Research Council. |
| 260 |
_aWashington, D.C. : _bNational Academy of Sciences, _c1992. |
||
| 300 |
_axii, 120 p. : _bill. |
||
| 504 | _aIncludes bibliographical references (p. 102-103) and index. | ||
| 533 |
_aElectronic reproduction. _bPalo Alto, Calif. : _cebrary, _d2013. _nAvailable via World Wide Web. _nAccess may be limited to ebrary affiliated libraries. |
||
| 650 | 0 | _aBiochemical engineering. | |
| 650 | 0 | _aBiotechnology. | |
| 655 | 7 |
_aElectronic books. _2local |
|
| 710 | 2 | _aebrary, Inc. | |
| 856 | 4 | 0 |
_uhttp://site.ebrary.com/lib/rucke/Doc?id=10055045 _zAn electronic book accessible through the World Wide Web; click to view |
| 999 |
_c165761 _d165761 |
||